Quizzes
Events
Quiz Creation
Community
Videos
Private Events
Remove Ads
Sign In
Join for FREE
Feedback
Dark Mode
Quiz Categories
Sports
Geography
Music
Movies
Television
Just For Fun
Miscellaneous
History
Literature
Language
Science
Gaming
Entertainment
Religion
Holiday
For Kids
Quiz Lab
Recent
Popular Today
Quiz Kudos Today
Editor Picks
Curator Picks
Quizzes by...
Day
Popularity
Type
Ratings
Length
Year
Community
Subscriptions
Recent Discussions
Orange Saloon
Badges
Playlists
Quests
Create
Leaderboards
Showdown
Live 5
Trivia Bingo
Activity
Puzzle Library
Sporcle Events
Private Events
Virtual Trivia
Globe League
Become a Host
Pub Owners
SporcleCon
Opinionation
Our Games
Videos
Blog
Mobile Apps
Partnerships
Remove Ads and Go Orange
Feedback
Language
Vocabulary
Begins and Ends
Definition
Spanish
French
German
Italian
Chinese
Latin
Translation
Japanese
Language
Vocabulary
Begins and Ends
Definition
Spanish
French
German
Italian
Chinese
Latin
Translation
Japanese
Random Quiz
Search Sporcle
×
Quiz Lab
Quiz Lab
Language
Ing
Type in answers that appear in a list
Type in answers that appear in a list
Classic
Best Score? Go Orange.
Enska 403 bls 24-25 Stats
Can you name the Enska 403 bls 24-25?
By
GBBHS
10m
23 Questions
14 Plays
14 Plays
14 Plays
Comments
Comments
Give Quiz Kudos
Give Quiz Kudos
-
- Ratings
hide this ad
More Info
Replay
Link that replays current quiz
Next Quiz
Link to next quiz in quiz playlist
You Got
0%
They Got
Avg Score
54%
Avg Friend Score
Upgrade to see
Score Distribution
Jump to the score distribution portion of the page
Score
0/23
Timer
10:00
0
Plays Today
Word
íslensk þýðing
% Correct
figures
tölur
100%
anthropology
mannfræði
92.9%
gerontopsychology
öldrunarsálfræði
85.7%
resources
úrræði
78.6%
ratio
hlutfall
78.6%
family lineage
uppruni
78.6%
prosper
dafna
71.4%
exceed
vera meiri en
71.4%
genuinely
raunverulega
71.4%
demographic
tölfræði
64.3%
subsist
tóra
57.1%
institutionalised
sett á stofnun
57.1%
Word
íslensk þýðing
% Correct
mystical
dulrænt
57.1%
perturb
koma í uppnám
50%
fertiliser
áburður
50%
advocate
berjast fyrir
50%
antics
kjánalegur
42.9%
sustain
framfleyta
28.6%
essential
nauðsynlegt
28.6%
restricted
takmarkað
21.4%
substantial
talsvert
7.1%
resilience
þrautsegja
7.1%
0%
Quiz Playlist
Details
Report
Send in Message
Add To Playlist
More Info:
þýddu þessi orð
Classic:
Type in answers that appear in a list
Last Updated: Feb 16, 2017
Quiz Scoreboard
CHALLENGE
Sign Up to Join the Scoreboard
Show All
Scores
Hide
Comments
May contain spoilers
Recently Published
NBA Finals Game Top Scorers (2010s)
by flibbidy
Sports
5m
Guess the 'R' Things in 3 Words
by MSUKent
Miscellaneous
3m
Actor to Badly Drawn Movie III
by MoMosMoProblems
Movies
5m
More to Explore
Quiz From the Vault
Featured Blog Post
Where Does Lost Luggage Go?
hide this ad
You Might Also Like...
Tags
Ing
Today's Top Quizzes in Language
Browse Language
hide this ad
Today's Top Quizzes in Ing
Browse Ing
Top Contributed Quizzes in Language
1
Einsilbige Reime auf Chips
2
Linguistic Evolution! (V)
3
Trivia Jigsaw: Language
4
Guess the Word in 3 Words
5
One-Minute Crossword CCLVI
6
Here... Let me make up a word for that
7
Hiragana Speed Reading
8
1960s Slang
9
AP Lang. Literary Terms
10
One-Minute Crossword CCLV
Explore More
Trending Topics
NBA
Kpop
Disney
Harry Potter
Crossword
Anime
Marvel
Pokémon
Puzzle
Country
Song
Soccer
NFL
WWE
The Office
hide this ad
More By:
GBBHS
Quiz
Plays
Rating
Category
Featured
Created
viskubrunnur_sveitas
33
Just For Fun
Feb 13, 2011
viskubrunnur
17
Just For Fun
Feb 12, 2011
Enska 403 bls 24-25
14
5.00
Language
Apr 15, 2011
Som at lave i tipofedars tid
12
Language
May 3, 2011
viskubrunnur shu
10
1.00
Just For Fun
Feb 12, 2011
Go to Creator's Profile
Score Distribution
Quiz Creator Spotlight
GBBHS
Follow
Send a Message
Quizzes Created
-
Created Quiz Play Count
-
More By This Creator
Popular Quizzes Today
1
Find the US States - No Outlines Minefield
2
Find the US States
3
The Countries of the World
4
10 Largest US States in Order
5
Find the Countries of Europe - No Outlines Minefield
6
US States
7
Guess the 'R' Things in 3 Words
8
NBA Finals Game Top Scorers (2010s)
More Language Quizzes
Animal to Emoji Match-Up...auf Deutsch!
Curator's Pick
Trending Quizzes
First Name TV: Leading Men
Match the Book to the Film II
First Name TV: Leading Women Drama
Match the Book to the Film VI
Pick A Pair: Religious TV
Recently Updated
Women's Final Four Teams by Year
bhenderson79
Presidents Quartet II
eogle
Anything But Clue(do)
eogle
Anything But Oceanian Capitals
eogle
Anything But 7
eogle
Anything But Thing
eogle
Word Ladder: February 29
pecheneg
Song Title Questions
pecheneg
Women's NCAA Tournament #1 Seeds
pecheneg
Celebrity Mug Shots
pecheneg
Trending Topics
NBA
Disney
Marvel
Anime
Kpop
Crossword
Harry Potter
The Office
NFL
Country
Soccer
Pokémon
WWE
Puzzle
Song
Your Account Isn't Verified!
In order to create a playlist on Sporcle, you need to verify the email address you used during registration. Go to your
Sporcle Settings
to finish the process.
Report this User
Report this user for behavior that violates our
Community Guidelines
.
Details:
Send Report
Go to the Sporcle.com Mobile Site →
Comments